| 000 | 00597nam a2200241 a 4500 | ||
|---|---|---|---|
| 001 | nice12345678 | ||
| 003 | IN_TiNIC | ||
| 005 | 20260116011918.0 | ||
| 008 | 050524s1977 dela grp 000 0 urd | ||
| 020 |
_a _c10 |
||
| 082 | 0 | 0 |
_a297.409 _bSHA1 |
| 100 | _aSharib, Zahoorul Hasan | ||
| 245 | _aDilli Ke Bais Khwaja | ||
| 260 |
_aDelhi _bTaj Publishers _c1977 |
||
| 300 | _a271p | ||
| 500 | _aincludes index and biblioraphy | ||
| 505 | 2 | _aIndex | |
| 650 | _aSufism-Hagiography-Delhi Until 1614 | ||
| 700 | 1 | _aSharib, Zahoorul Hasan | |
| 902 | _bSRS | ||
| 942 | _cBK | ||
| 999 |
_c4887 _d4887 |
||